000 00580nam a2200133Ia 4500
008 171212s9999 xx 000 0 und d
020 _a9781925022728
245 _ceditor Bell, Joshua A.;West, Paige;Filer, Colin
_aTropical Forests Of Oceania
_bAnthropological Perspectives
260 _bANU E Press
_c2015
440 _aAsia-Pacific Environment Monographs
650 _aEcology & Evolutionary Biology
650 _aRain forests -- Oceania; Forest conservation -- Oceania; Forests and forestry -- Oceania; Human ecology -- Oceania
856 _uhttp://jstor.org/stable/j.ctt183q3k6
999 _c351407
_d351407